| 000 -LEADER |
| fixed length control field |
01750pab a2200169 454500 |
| 008 - FIXED-LENGTH DATA ELEMENTS--GENERAL INFORMATION |
| fixed length control field |
180718b1999 xxu||||| |||| 00| 0 eng d |
| 100 ## - MAIN ENTRY--PERSONAL NAME |
| Personal name |
Alaszewski, Andy |
| 245 ## - TITLE STATEMENT |
| Title |
The risk of risk assessment and risk management in the United Kingdom |
| 260 ## - PUBLICATION, DISTRIBUTION, ETC. |
| Date of publication, distribution, etc. |
1999 |
| 300 ## - PHYSICAL DESCRIPTION |
| Extent |
p.575-606 |
| 362 ## - DATES OF PUBLICATION AND/OR SEQUENTIAL DESIGNATION |
| Dates of publication and/or sequential designation |
Mar-Apr |
| 520 ## - SUMMARY, ETC. |
| Summary, etc. |
This article examines the reform of the health care system in England in terms of the risk assessment and risk management. Three major health policies are examined, the Health of the Nation strategy, community care and the Patient's Charter. The article demonstrates that effective risk assessment and risk management is an important component of each initiative. The Health of the Nation strategy is based on epidemiological evidence onthe nature of health risks and is linked to specific targets for the reduction of harm that require effective management of risks. Community care is a well established policy designed to provide long term and continuing support for vulnerable individuals in the community. With high profile incidents in the 1980s, there has been a greater emphasis on effective risk assessment and risk management, especially to protect the public. The Patient's Charter is designed to empower users of service. Central to this strategy is informed consent. Effective empowerment depends of the provision of adequate information, especially on the risks of treatment. Although competent adults may formally be autonomous risk-taking decision-makers, their ability to assess risk and make decisions depends on having adequate information. - Reproduced |
| 650 ## - SUBJECT ADDED ENTRY--TOPICAL TERM |
| Topical term or geographic name entry element |
Health services - Great Britain |
| 650 ## - SUBJECT ADDED ENTRY--TOPICAL TERM |
| Topical term or geographic name entry element |
Health services |
| 773 ## - HOST ITEM ENTRY |
| Main entry heading |
International Journal of Public Administration |
| 909 ## - |
| -- |
41151 |